000 00562nam a2200229Ia 4500
003 OSt
005 20220924153019.0
006 a|||||r|||| 00| 0
007 ta
008 220923b |||||||| |||| 00| 0 guj d
024 _a346462
037 _cTextual
040 _aARTS
_cARTS
_bguj
041 _2guj
_aguj
082 _aO156,3N16x, J9
100 _aJoshi S.
_9227985
245 0 _aRahasya nagari
260 _c1959
650 _aGUJRATI LITERATURE
942 _hO156,3N16x, J9
_cTEXL
_2CC
999 _c472003
_d472003